[Event "Politiken Cup 37th"]
[Site "Helsingor"]
[Date "2015.07.31"]
[Round "8"]
[White "Kristoffersen, Haakon"]
[Black "Larsen, Steen"]
[Result "1-0"]
[WhiteElo "1692"]
[BlackElo "1141"]
[PlyCount "85"]
[EventDate "2015.07.25"]
[EventType "swiss"]
[EventRounds "10"]
[EventCountry "DEN"]
[SourceTitle "CBM 167 Extra"]
[Source "ChessBase"]
[SourceDate "2015.09.14"]
[SourceVersion "1"]
[SourceVersionDate "2015.09.14"]
[SourceQuality "1"]

1. e4 e6 2. d4 Nc6 3. Nc3 Bb4 4. Bc4 Nf6 5. Bg5 h6 6. Bxf6 gxf6 7. Nf3 e5 8. dxe5 Nxe5 9. Nxe5 fxe5 10. Qh5 Bxc3+ 11. bxc3 Qf6 12. Bxf7+ Kf8 13. Bb3 d6 14. 0-0-0 Be6 15. Rd3 Bf7 16. Bxf7 Qg5+ 17. Qxg5 hxg5 18. Bb3 Ke7 19. Rg3 Kf6 20. Kd2 Raf8 21. Rf3+ Ke7 22. Rxf8 Rxf8 23. Ke3 g4 24. h4 Kf6 25. g3 Kg6 26. Be6 Rf3+ 27. Ke2 Rxc3 28. Kd2 Rf3 29. Rh2 Kh5 30. c3 Rf6 31. Bf5 c6 32. Ke3 d5 33. f3 gxf3 34. g4+ Kh6 35. g5+ Kg7 36. gxf6+ Kxf6 37. Kxf3 d4 38. cxd4 exd4 39. h5 Kg7 40. h6+ Kh8 41. h7 d3 42. Rg2 d2 43. Rg8# 1-0

[Event "Politiken Cup 37th"]
[Site "Helsingor"]
[Date "2015.07.28"]
[Round "5"]
[White "Larsen, Steen"]
[Black "Hein, Jacob"]
[Result "1/2-1/2"]
[WhiteElo "1141"]
[BlackElo "1441"]
[PlyCount "112"]
[EventDate "2015.07.25"]
[EventType "swiss"]
[EventRounds "10"]
[EventCountry "DEN"]
[SourceTitle "CBM 167 Extra"]
[Source "ChessBase"]
[SourceDate "2015.09.14"]
[SourceVersion "1"]
[SourceVersionDate "2015.09.14"]
[SourceQuality "1"]

1. c4 g6 2. e3 d5 3. Nc3 c6 4. d4 Bg7 5. cxd5 cxd5 6. e4 dxe4 7. Nxe4 Qxd4 8. Qxd4 Bxd4 9. Nf3 Bg7 10. Bb5+ Bd7 11. Bc4 Bc6 12. Neg5 Nh6 13. Rb1 b5 14. Be6 0-0 15. h4 Bd7 16. Bxd7 Nxd7 17. h5 Nc5 18. Kf1 Rad8 19. Be3 Na4 20. Bxa7 Nxb2 21. g3 Ra8 22. Bd4 Rxa2 23. hxg6 fxg6 24. Bxg7 Rxf3 25. Bxb2 Rxf2+ 26. Kxf2 Ng4+ 27. Ke2 h5 28. Ne6 Nh6 29. Nf4 Kf7 30. Rhf1 Nf5 31. Nxh5 Ke8 32. Nf4 Nxg3+ 33. Ke1 Nxf1 34. Kxf1 g5 35. Ne6 g4 36. Nc7+ Kf7 37. Nxb5 Kg6 38. Nc3 Ra5 39. Re1 e5 40. Re4 Kf5 41. Re2 Kf4 42. Ne4 g3 43. Kg2 Ra6 44. Bc1+ Kg4 45. Nd2 Rc6 46. Bb2 Rh6 47. Re4+ Kf5 48. Rxe5+ Kf4 49. Re4+ Kf5 50. Kxg3 Rb6 51. Rf4+ Kg6 52. Nc4 Rb3+ 53. Kg4 Rb5 54. Ne5+ Kg7 55. Rf5 Rxb2 56. Rg5+ Kf6 1/2-1/2